[Event "EU-ch Schools U17 Girls"]
[Site "Tornelo INT"]
[Date "2021.12.11"]
[Round "5"]
[White "Lomaia, Diana"]
[Black "Bedoshvili, Dea"]
[Result "0-1"]
[WhiteElo "2007"]
[BlackElo "1684"]
[PlyCount "136"]
[EventDate "2021.12.10"]
[EventType "swiss (rapid)"]
[EventRounds "7"]
[EventCountry "NET"]
[SourceTitle "EXT 2023"]
[Source "ChessBase"]
[SourceDate "2022.10.05"]
[SourceVersion "1"]
[SourceVersionDate "2022.10.05"]
[SourceQuality "1"]

1. d4 d5 2. c4 c6 3. Nc3 e6 4. e4 Bb4 5. cxd5 exd5 6. e5 Bf5 7. Nf3 h6 8. Bd3 Ne7 9. 0-0 0-0 10. Nh4 Bxd3 11. Qxd3 Qd7 12. f4 Qg4 13. g3 f5 14. Nd1 Na6 15. a3 Ba5 16. b4 Bb6 17. Bb2 Nc7 18. Nf2 Qh5 19. a4 a6 20. Qe3 Ne6 21. Nd3 g5 22. Ng2 Rf7 23. Nc5 Bxc5 24. dxc5 Raf8 25. Bd4 Ng6 26. Kh1 Qh3 27. Rg1 Rg7 28. Rab1 gxf4 29. Nxf4 Ngxf4 30. gxf4 Qxe3 31. Rxg7+ Kxg7 32. Bxe3 d4 33. Bd2 d3 34. b5 axb5 35. axb5 Nxc5 36. Bb4 b6 37. bxc6 Rc8 38. Rg1+ Kf7 39. Rd1 Rxc6 40. Bxc5 bxc5 41. Rxd3 c4 42. Rc3 Ke6 43. Kg2 Kd5 44. Kf3 Rb6 45. Rc2 Rb3+ 46. Kf2 c3 47. Ke3 Kc4 48. Ra2 Rb6 49. Ra8 Rc6 50. Ke2 Kb3 51. Kd1 Rg6 52. Rb8+ Kc4 53. Rc8+ Kd3 54. Rd8+ Kc4 55. Kc1 Rg1+ 56. Rd1 Rg6 57. Rd6 Rg1+ 58. Rd1 Rg6 59. Re1 Ra6 60. Kc2 Ra2+ 61. Kb1 Kb3 62. Re3 Rxh2 63. Re1 Rb2+ 64. Kc1 Ra2 65. Kd1 Ra1+ 66. Ke2 Rxe1+ 67. Kxe1 c2 68. Kd2 Kb2 0-1

[Event "GEO-ch (Women) 1st League 78th"]
[Site "Tbilisi"]
[Date "2021.03.25"]
[Round "8"]
[White "Mamardashvili, Ana"]
[Black "Bedoshvili, Dea"]
[Result "0-1"]
[WhiteElo "1416"]
[BlackElo "1667"]
[PlyCount "136"]
[EventDate "2021.03.18"]
[EventType "swiss"]
[EventRounds "9"]
[EventCountry "GEO"]
[SourceTitle "CBM 201 Extra"]
[Source "ChessBase"]
[SourceDate "2021.05.31"]
[SourceVersion "1"]
[SourceVersionDate "2021.05.31"]
[SourceQuality "1"]

1. d4 d5 2. c4 c6 3. Nc3 e6 4. e4 dxe4 5. Nxe4 Bb4+ 6. Nc3 Nf6 7. a3 Ba5 8. b4 Bc7 9. Nf3 b6 10. Bd3 Bb7 11. 0-0 Nbd7 12. Re1 h6 13. Bb2 0-0 14. Bc2 Re8 15. h3 a5 16. Rb1 Nf8 17. Ne5 Qe7 18. bxa5 Rxa5 19. a4 Rd8 20. Nf3 Rh5 21. Qe2 Qd6 22. Rbd1 Qb4 23. Ba1 Ra5 24. Rb1 Qe7 25. Kh1 Nh5 26. c5 Ba6 27. Qe4 bxc5 28. d5 Nf6 29. Qh4 cxd5 30. Nb5 Bxb5 31. axb5 Rb8 32. Ne5 Bxe5 33. Bxe5 Rbxb5 34. Rxb5 Rxb5 35. Ra1 Ng6 36. Ra8+ Kh7 37. Qa4 Rb7 38. Qc6 Ne4 39. Bxe4 dxe4 40. Qxe4 Rb4 41. Qc2 Qb7 42. Rb8 Qe4 43. Qxe4 Rxe4 44. Bd6 c4 45. Rc8 Nh4 46. Bb4 Rd4 47. Kh2 Nf5 48. Bc3 Nd6 49. Rc6 Rd3 50. Be5 Ne4 51. Rxc4 Nxf2 52. Rf4 Rd5 53. Rxf2 Rxe5 54. Rxf7 Kg6 55. Re7 Kf6 56. Rc7 Rf5 57. g4 Rf4 58. Kg3 Rd4 59. h4 Rd3+ 60. Kf4 g5+ 61. Ke4 Rg3 62. hxg5+ hxg5 63. Rh7 Rxg4+ 64. Kf3 Rh4 65. Rb7 e5 66. Rb8 Rf4+ 67. Kg3 Kf5 68. Rb5 g4 0-1

[Event "GEO-ch (Women) 1st League 78th"]
[Site "Tbilisi"]
[Date "2021.03.22"]
[Round "5"]
[White "Bedoshvili, Dea"]
[Black "Tsotsonava, Elene"]
[Result "0-1"]
[WhiteElo "1667"]
[BlackElo "1805"]
[PlyCount "98"]
[EventDate "2021.03.18"]
[EventType "swiss"]
[EventRounds "9"]
[EventCountry "GEO"]
[SourceTitle "CBM 201 Extra"]
[Source "ChessBase"]
[SourceDate "2021.05.31"]
[SourceVersion "1"]
[SourceVersionDate "2021.05.31"]
[SourceQuality "1"]

1. d4 d5 2. Nf3 Nf6 3. Nbd2 c5 4. e3 e6 5. c3 Nc6 6. Bd3 Bd6 7. 0-0 0-0 8. dxc5 Bxc5 9. e4 b6 10. Qe2 Bb7 11. e5 Nd7 12. Nb3 Be7 13. Nbd4 Nc5 14. Bc2 Ba6 15. Nxc6 Bxe2 16. Nxd8 Rfxd8 17. Re1 Bxf3 18. gxf3 Rac8 19. Be3 b5 20. Rac1 Rc6 21. Bd4 Rdc8 22. Rcd1 a5 23. f4 g6 24. Kg2 Na6 25. Bd3 Rb8 26. Kf3 a4 27. a3 Bc5 28. Bb1 Kf8 29. Ke3 Bxd4+ 30. Rxd4 Nc5 31. Bc2 Ke7 32. Kd2 Nb7 33. Rb4 Rc5 34. Kc1 Na5 35. Rd4 Rbc8 36. Kd2 Nc6 37. Rd3 Rc4 38. Rf3 Nd4 39. Rd3 Nxc2 40. Kxc2 Rxf4 41. Re2 Rcc4 42. f3 Rf5 43. b3 axb3+ 44. Kxb3 Kd7 45. Rde3 Kc6 46. Rg2 Rcf4 47. Rg3 h5 48. Rh3 h4 49. Kc2 Kc5 0-1

[Event "Gaprindashvili Cup (Women)"]
[Site "Tornelo INT"]
[Date "2020.11.09"]
[Round "6"]
[White "Bedoshvili, Dea"]
[Black "Tereladze, Sopiko"]
[Result "0-1"]
[WhiteElo "1667"]
[BlackElo "2141"]
[PlyCount "84"]
[EventDate "2020.11.08"]
[EventType "swiss (rapid)"]
[EventRounds "9"]
[EventCountry "GEO"]
[SourceTitle "CBM 199 Extra"]
[Source "ChessBase"]
[SourceDate "2021.01.31"]
[SourceVersion "1"]
[SourceVersionDate "2021.01.31"]
[SourceQuality "1"]

1. d4 Nf6 2. Nf3 e6 3. e3 b6 4. Bd3 Bb7 5. Nbd2 d5 6. 0-0 Nbd7 7. c3 Ne4 8. Qc2 f5 9. Ne1 Bd6 10. f4 Qf6 11. Nef3 0-0 12. Ne5 Bxe5 13. fxe5 Qh6 14. Nf3 Kh8 15. Qe2 g5 16. Bxe4 dxe4 17. Nd2 Rf7 18. b3 Nf8 19. Ba3 Ng6 20. Rf2 Rd8 21. Raf1 Rfd7 22. g4 f4 23. exf4 Nxf4 24. Qe3 Nh3+ 25. Kg2 Nxf2 26. Rxf2 c5 27. Bb2 Rf8 28. Rxf8+ Qxf8 29. Kg3 Qh6 30. h3 Qh4+ 31. Kg2 cxd4 32. cxd4 Rf7 33. Ba3 Rf2+ 34. Kg1 Rf4 35. Be7 Qh6 36. Bf6+ Kg8 37. b4 Qg6 38. b5 h6 39. a4 Qe8 40. Kg2 Qc8 41. Kg3 Qc1 42. Kg2 Qxd2+ 0-1

[Event "GEO-ch U20 Girls"]
[Site "Tbilisi"]
[Date "2020.08.10"]
[Round "5"]
[White "Lagazauri, Tamar"]
[Black "Bedoshvili, Dea"]
[Result "0-1"]
[WhiteElo "1709"]
[BlackElo "1587"]
[PlyCount "90"]
[EventDate "2020.08.06"]
[EventType "swiss"]
[EventRounds "9"]
[EventCountry "GEO"]
[SourceTitle "CBM 197 Extra"]
[Source "ChessBase"]
[SourceDate "2020.09.30"]
[SourceVersion "1"]
[SourceVersionDate "2020.09.30"]
[SourceQuality "1"]

1. c4 c6 2. Nc3 d5 3. d4 e6 4. Nf3 Nd7 5. Bf4 Ngf6 6. e3 Be7 7. Qc2 0-0 8. h3 dxc4 9. Bxc4 b6 10. 0-0 Bb7 11. e4 Re8 12. Rfe1 Nf8 13. Rad1 Ng6 14. Bh2 b5 15. Bb3 Qb6 16. Ne5 Rad8 17. Nxg6 hxg6 18. d5 exd5 19. exd5 c5 20. d6 Bxd6 21. Rxe8+ Nxe8 22. Bxd6 Rxd6 23. Rxd6 Nxd6 24. Bd5 Bc8 25. Qxg6 Qc7 26. Qg3 Qe7 27. Kh2 a5 28. b3 Ba6 29. Qf3 b4 30. Na4 c4 31. bxc4 Bxc4 32. Bxc4 Nxc4 33. g3 Qe5 34. Qd3 Nd6 35. Nb6 Qc5 36. Qe3 Qxe3 37. fxe3 Nb5 38. Nc4 a4 39. Nb2 Nc3 40. Nd3 Nxa2 41. Kg2 b3 42. Nb2 Nc3 43. Nc4 Nb5 44. Kf2 a3 45. Nd2 b2 0-1

[Event "GEO-ch U20 Girls"]
[Site "Tbilisi"]
[Date "2020.08.08"]
[Round "3"]
[White "Bedoshvili, Dea"]
[Black "Tsotsonava, Elene"]
[Result "0-1"]
[WhiteElo "1587"]
[BlackElo "2012"]
[PlyCount "56"]
[EventDate "2020.08.06"]
[EventType "swiss"]
[EventRounds "9"]
[EventCountry "GEO"]
[SourceTitle "CBM 197 Extra"]
[Source "ChessBase"]
[SourceDate "2020.09.30"]
[SourceVersion "1"]
[SourceVersionDate "2020.09.30"]
[SourceQuality "1"]

1. d4 d5 2. c4 dxc4 3. Nf3 Nf6 4. g3 e6 5. Bg2 c5 6. Qa4+ Bd7 7. Qxc4 Bc6 8. 0-0 Nbd7 9. Nc3 Nb6 10. Qd3 Be7 11. Rd1 0-0 12. a3 Rc8 13. e4 Na4 14. Ne5 Nxc3 15. Nxc6 bxc6 16. Qxc3 cxd4 17. Rxd4 Qb6 18. Rc4 Ng4 19. Qe1 Bc5 20. Rc2 Rfd8 21. b4 Bd4 22. Bb2 Bxf2+ 23. Rxf2 Nxf2 24. Qxf2 Qxf2+ 25. Kxf2 Rd2+ 26. Kg1 Rxb2 27. Rd1 g6 28. Rd3 c5 0-1

[Event "Wch U12 Girls"]
[Site "Batumi"]
[Date "2016.10.28"]
[Round "9"]
[White "Garau, Francesca"]
[Black "Bedoshvili, Dea"]
[Result "0-1"]
[WhiteElo "1534"]
[BlackElo "1426"]
[PlyCount "70"]
[EventDate "2016.10.19"]
[EventType "swiss"]
[EventRounds "11"]
[EventCountry "GEO"]
[SourceTitle "EXT 2018"]
[Source "ChessBase"]
[SourceDate "2017.10.13"]
[SourceVersion "1"]
[SourceVersionDate "2017.10.13"]
[SourceQuality "1"]

1. e4 c6 2. d4 d5 3. Nd2 dxe4 4. Nxe4 Nd7 5. Nf3 Ngf6 6. Nxf6+ Nxf6 7. Ne5 e6 8. Be2 Bd6 9. Bf4 Qc7 10. Bg3 0-0 11. Nc4 Bxg3 12. hxg3 Rd8 13. Bd3 h6 14. c3 b6 15. Qe2 Bb7 16. Rh2 c5 17. dxc5 Qxc5 18. 0-0-0 Rac8 19. Kb1 Rxd3 20. Rxd3 Be4 21. Nd2 Bxd3+ 22. Qxd3 Qxf2 23. Nf3 Qxg3 24. Qa6 Qc7 25. Rh1 Nd7 26. Rd1 Nc5 27. Qe2 Rd8 28. Rxd8+ Qxd8 29. Ne5 Qd5 30. c4 Qd6 31. Qh5 g6 32. Qe2 Kg7 33. b4 Na4 34. Qe1 Qd4 35. Kc1 Qb2+ 0-1

[Event "Wch U12 Girls"]
[Site "Batumi"]
[Date "2016.10.26"]
[Round "7"]
[White "Bedoshvili, Dea"]
[Black "Wang, Xuwen"]
[Result "1/2-1/2"]
[WhiteElo "1426"]
[BlackElo "1498"]
[PlyCount "37"]
[EventDate "2016.10.19"]
[EventType "swiss"]
[EventRounds "11"]
[EventCountry "GEO"]
[SourceTitle "EXT 2018"]
[Source "ChessBase"]
[SourceDate "2017.10.13"]
[SourceVersion "1"]
[SourceVersionDate "2017.10.13"]
[SourceQuality "1"]

1. d4 Nf6 2. Nf3 g6 3. g3 Bg7 4. Bg2 0-0 5. 0-0 d6 6. c3 c6 7. Nbd2 Qc7 8. e4 e5 9. dxe5 dxe5 10. Qc2 Be6 11. b3 Nbd7 12. Bb2 Rad8 13. c4 Ne8 14. Bc3 f6 15. Rad1 Bf7 16. Bh3 b6 17. Nh4 Bh6 18. Nhf3 Nd6 19. Rfe1 1/2-1/2